000 00342nam a2200145Ia 4500
008 240126s9999 xx 000 0 und d
022 _a9754032
041 _aEnglish
245 0 _aSugyaan
260 _bSiva Sivani Institue of Management
_aIndia
440 _aNULL
650 _aManagement
650 _aSugyaan,Management
942 _cJN
999 _c271872
_d271872